| 000 | 00533nam a2200181 4500 | ||
|---|---|---|---|
| 001 | 137036 | ||
| 003 | ES-MaACL | ||
| 005 | 20230906195308.0 | ||
| 007 | t| | ||
| 008 | 070214s1931 sp r ||||1| spa d | ||
| 100 | 0 |
_aSalas, Juan. _9101735 |
|
| 245 | 1 | 0 |
_aContribución al estudio de la reacción de Takata-Ara / _cpor J. Salas, L. Nájera, L. Fanjul. |
| 260 |
_aMadrid : _b[s. n.], _c1931. |
||
| 300 |
_a19 h. ; _c23 x 16 cm. |
||
| 700 | 1 |
_aNájera, L. _984869 |
|
| 700 | 1 |
_aFanjul, Luis. _948800 |
|
| 852 |
_aES-MaACL _j1757-F-42 |
||
| 999 |
_c137036 _d137036 |
||